000
00270nam a22001217a 4500
008
180504b xxu||||| |||| 00| 0 eng d
041
_a
eng
080
_a
32
100
_a
20
101
_a
POL
245
_a
Ndihmese modeste per demokracine
_c
Starova,A
942
_2
udc
_c
BK
999
_c
45681
_d
45681